000 00982nam a2200253Ia 4500
999 _c34653
_d34653
001 428
003 GE_BSU
005 20200122111950.0
008 181216s2009||||ge |||||||||||||| ||geo||
020 _a978994101289
040 _cGE_BSU
041 _ageo
080 _a611.018(075.8) რ-97
100 _aრუხაძე, რუსუდან
_96303
245 _aჰისტოლოგია :
_bსახელმძღვ. თბილ. სახელმწ. სამედ. უნ-ტის სტუდ. /
_cრუსუდან რუხაძე.
250 _aმე-2 გამოც.
264 _aთბილისი :
_bსამედიცინო უნ-ტის გამ-ბა,
_c2009.
300 _a430 გვ.:
_bსურ. ;
_c30სმ.
504 _a ბიბლიოგრ.: გვ. 429-430.
541 _h40 ლ.
653 _aჰისტოლოგია
653 _aსახელმძღვანელო
942 _cBK
_2udc